| 000 | 00918nam a2200277 i 4500 | ||
|---|---|---|---|
| 001 | 000017216 | ||
| 003 | DO-SdBNP | ||
| 005 | 20230911091338.0 | ||
| 007 | ta | ||
| 008 | 100319s1969 dr 000 0 spa d | ||
| 040 |
_aDO-SdBNP _bspa _cBNPHU _erda |
||
| 049 | _aBNPD | ||
| 082 | 4 |
_bK19c _222 |
|
| 100 | 1 |
_aKasse-Acta, Rafael, _925885 _eautor |
|
| 245 | 1 | 3 |
_aLa clínica integral e investigación científica en la escuela de odontología / _cRafael Kasse-Acta, Agustín Heredia Peguero |
| 264 |
_aSanto Domingo : _bUniversidad Autónoma de Santo Domingo, _c1969. |
||
| 300 |
_a14 páginas ; _c23 cm. |
||
| 336 |
_2rdacontent _atexto _btxt |
||
| 337 |
_2rdamedia _asin mediación _bnc |
||
| 338 |
_2rdacarrier _avolumen _bn |
||
| 504 | _aIncluye referencias bibliográfica ( p. 12-13) | ||
| 590 | _aInventariado, 2023/BT | ||
| 700 | 1 |
_aHeredia Peguero, Agustín _984091 |
|
| 910 | _aBtavárez | ||
| 942 |
_2ddc _cLF2 |
||
| 999 |
_c16741 _d16741 |
||